[Event "SN-2010-0-00262"]
[Site "LSS email"]
[Date "2010.07.24"]
[Round "?"]
[White "Sebak, Janos"]
[Black "Vontina, Maria"]
[Result "1-0"]
[WhiteElo "892"]
[BlackElo "708"]
[PlyCount "119"]
[EventDate "2010.07.08"]
[EventType "tourn (corr)"]
[EventRounds "6"]
[EventCountry "GER"]
[SourceTitle "Telechess CBM 143"]
[Source "ChessBase"]
[SourceDate "2011.07.15"]
[SourceVersion "1"]
[SourceVersionDate "2011.07.15"]
[SourceQuality "1"]

1. e4 e6 2. Nf3 d5 3. c4 dxe4 4. Ne5 Nf6 5. Nc3 Be7 6. Qe2 0-0 7. Nxe4 Nxe4 8. Qxe4 Nd7 9. Be2 Nf6 10. Qc2 Qd6 11. Nf3 b6 12. d4 Bb7 13. Be3 Rac8 14. Qa4 Ra8 15. Qb3 Rfd8 16. c5 Qd7 17. Rc1 Bd5 18. Qa3 c6 19. 0-0 b5 20. Bd2 Qc7 21. Ba5 Qb7 22. Bxd8 Bxd8 23. b4 a5 24. Ra1 a4 25. Ne5 Nd7 26. f4 Nf6 27. f5 exf5 28. Rxf5 Be4 29. Rf4 Bd5 30. Raf1 Qe7 31. Bd3 Bc7 32. Re1 Bxe5 33. Rxe5 Qd7 34. Bf5 Qc7 35. Qb2 Re8 36. Qe2 Qd8 37. Rxe8+ Nxe8 38. Be4 Nf6 39. Bb1 h6 40. a3 Qd7 41. Qe5 Kf8 42. Qb8+ Qe8 43. Qd6+ Kg8 44. Qe5 Qd8 45. h3 Kf8 46. Rf2 Kg8 47. Qg3 Kf8 48. Ba2 Bxa2 49. Rxa2 Qxd4+ 50. Kh2 Qd5 51. Re2 Kg8 52. Re5 Qd7 53. Re3 Kh7 54. Qe1 Qc7+ 55. Kh1 Kg8 56. Re7 Qd8 57. Qe5 Qd1+ 58. Kh2 Qd8 59. Rc7 Qd3 60. Rxc6 1-0

[Event "LSS No Engine Cup 24 Preliminary 4"]
[Site "LSS email"]
[Date "2010.06.23"]
[Round "?"]
[White "Sebak, Janos"]
[Black "Cabrera Trujillo, Claudio Tomas"]
[Result "0-1"]
[WhiteElo "894"]
[BlackElo "1051"]
[PlyCount "48"]
[EventDate "2010.06.24"]
[EventType "tourn (corr)"]
[EventRounds "6"]
[EventCountry "GER"]
[SourceTitle "Telechess CBM 143"]
[Source "ChessBase"]
[SourceDate "2011.07.15"]
[SourceVersion "1"]
[SourceVersionDate "2011.07.15"]
[SourceQuality "1"]

1. e4 e5 2. Nf3 Nc6 3. Bc4 Nf6 4. d3 Be7 5. Bg5 d6 6. h3 0-0 7. Nc3 Na5 8. Qd2 Nxc4 9. dxc4 c6 10. 0-0 Be6 11. Qd3 Ne8 12. Be3 f5 13. exf5 Bxf5 14. Qe2 Nf6 15. Nh4 Be6 16. Rad1 Qc7 17. f4 Rad8 18. f5 Bf7 19. b3 d5 20. cxd5 cxd5 21. Nb1 Ne4 22. Qe1 Qxc2 23. Qe2 Qxe2 24. Bxa7 Bxh4 0-1

[Event "LSS BI-2010-P-00022"]
[Site "LSS email"]
[Date "2010.04.19"]
[Round "?"]
[White "Jones, Ian Robert"]
[Black "Sebak, Janos"]
[Result "0-1"]
[WhiteElo "1561"]
[BlackElo "1978"]
[PlyCount "36"]
[EventDate "2010.04.22"]
[EventType "tourn (corr)"]
[EventRounds "10"]
[EventCountry "GER"]
[SourceTitle "Telechess CBM 141"]
[Source "ChessBase"]
[SourceDate "2011.03.17"]
[SourceVersion "1"]
[SourceVersionDate "2011.03.17"]
[SourceQuality "1"]

1. c4 e5 2. g3 Nc6 3. Bg2 Nf6 4. Nc3 g6 5. Nf3 Bg7 6. 0-0 0-0 7. d3 d6 8. e4 Bg4 9. h3 Bxf3 10. Qxf3 Nd4 11. Qd1 c6 12. Ne2 c5 13. Nxd4 cxd4 14. f4 Nd7 15. a4 a5 16. f5 Nc5 17. Kh2 Qd7 18. Bd2 Nxd3 0-1

[Event "LSS SN-2010-0-00227"]
[Site "LSS email"]
[Date "2010.03.05"]
[Round "?"]
[White "Razo, Ryan Jose"]
[Black "Sebak, Janos"]
[Result "1-0"]
[WhiteElo "947"]
[BlackElo "1978"]
[PlyCount "77"]
[EventDate "2010.02.19"]
[EventType "tourn (corr)"]
[EventRounds "6"]
[EventCountry "GER"]
[SourceTitle "Telechess CBM 141"]
[Source "ChessBase"]
[SourceDate "2011.03.17"]
[SourceVersion "1"]
[SourceVersionDate "2011.03.17"]
[SourceQuality "1"]

1. Nf3 d5 2. g3 Nf6 3. Bg2 Nc6 4. d3 h6 5. Nc3 e6 6. 0-0 Bc5 7. e4 d4 8. Ne2 e5 9. Ne1 Bg4 10. h3 Bh5 11. f4 Nd7 12. Nf3 Bxf3 13. Bxf3 Qe7 14. a3 Qe6 15. Kh2 g6 16. b4 Bb6 17. Bd2 0-0-0 18. c4 a6 19. Qc2 Ne7 20. a4 c6 21. a5 Bc7 22. b5 cxb5 23. cxb5 axb5 24. Rfc1 Nc6 25. a6 Bb6 26. Qb2 Nc5 27. Qxb5 Na7 28. Rxc5+ Kb8 29. Qb2 Rd7 30. Rc4 Rc8 31. Rb4 Rc6 32. fxe5 Qxe5 33. Bf4 f6 34. Bxe5+ fxe5 35. Rxb6 Rxb6 36. Qxb6 Rg7 37. Qd8+ Nc8 38. a7+ Ka8 39. Qxc8# 1-0